000 00586nam a2200205 a 4500
001 2439
005 20140414131912.0
008 050601s19uu xx 00 eng d
020 _a0-439-67764-5
050 _aER
_bD65 bk.9
100 _aLee, Quinlan B.
245 _aDora saves the game :
_bphonics reading program, bk. 9 /
_cby Quinlan B. Lee.
260 _aNew York :
_bScholastic,
_c2004.
300 _ap. : ill. ; cm.
440 _aNick Jr. Dora the Explorer
500 _along a
650 _aReading
_xStudy and teaching.
650 _aChildren stories.
999 _c111269
_d111269